Sú obyvatelia Slovenska pripravení používať euro?
Zavedenie používania eura. Časový plán zavedenia spoločnej meny. V-4 a euro. Dopad prechodného obdobia. Dopad zavedenia eura na ceny. Cenové rozdiely medzi krajinami. Duálne cenovky. Pocity obyvateľov po zavedení spoločnej meny. Maastrichtské kritériá a Pakt stability a rastu. Platenie eurom v zahra...
Uložené v:
| Hlavný autor: | |
|---|---|
| Ďalší autori: | |
| Médium: | Kapitola |
| Jazyk: | Slovak |
| Predmet: | |
| Tagy: |
Žiadne tagy, Buďte prvý, kto otaguje tento záznam!
|
MARC
| LEADER | 00000naa$a2200000$$$4500 | ||
|---|---|---|---|
| 001 | 0032439 | ||
| 005 | 20231116082120.5 | ||
| 041 | 0 | |a slo | |
| 044 | |a SK | ||
| 245 | 1 | 0 | |a Sú obyvatelia Slovenska pripravení používať euro? |c Peter Szovics, Mária Somorčíková |
| 520 | |a Zavedenie používania eura. Časový plán zavedenia spoločnej meny. V-4 a euro. Dopad prechodného obdobia. Dopad zavedenia eura na ceny. Cenové rozdiely medzi krajinami. Duálne cenovky. Pocity obyvateľov po zavedení spoločnej meny. Maastrichtské kritériá a Pakt stability a rastu. Platenie eurom v zahraničí. Platenie eurom na Slovensku. Poplatky za používanie kreditných kariet v eurozóne. Akú menu si zobrať do zahraničia. Predpokladaný vývoj kurzu SKK/EUR. Úspory v eurách. Sú obyvatelia Slovenska pripravení používať euro? | ||
| 610 | 2 | 0 | |a euro |
| 610 | 2 | 0 | |a eurozóna |
| 610 | 2 | 0 | |a kurz menový |
| 610 | 2 | 0 | |a koruna |
| 610 | 2 | 0 | |a ceny |
| 610 | 2 | 0 | |a rozdiely cenové |
| 610 | 2 | 0 | |a karty platobné |
| 610 | 2 | 0 | |a poplatky |
| 610 | 2 | 0 | |a úspory |
| 610 | 2 | 0 | |a obyvateľstvo |
| 610 | 2 | 0 | |a Slovensko |
| 610 | 2 | 0 | |a Vyšehradská štvorka |
| 100 | 1 | |a Szovics, Peter | |
| 700 | 1 | |a Somorčíková, Mária | |